Teenagers' work values and their implications for the fast-food industry /
محفوظ في:
| المؤلف الرئيسي: | |
|---|---|
| التنسيق: | أطروحة كتاب |
| اللغة: | English |
| منشور في: |
1995.
|
| الموضوعات: | |
| الوسوم: |
إضافة وسم
لا توجد وسوم, كن أول من يضع وسما على هذه التسجيلة!
|
| LEADER | 00970cam a2200277 a 4500 | ||
|---|---|---|---|
| 001 | u366180 | ||
| 003 | SIRSI | ||
| 008 | 950109s1995 si v 00 1 eng m | ||
| 035 | |a ABU-8659 | ||
| 040 | |a UMM | ||
| 043 | |a a-si--- | ||
| 090 | |a HF5549.5 |b J63Low | ||
| 100 | 1 | 0 | |a Lowe, Joo Yong. |
| 245 | 1 | 0 | |a Teenagers' work values and their implications for the fast-food industry / |c by Lowe Joo Yong. |
| 260 | |c 1995. | ||
| 300 | |a vi, 94 leaves : |b ill. ; |c 30 cm. | ||
| 502 | |a Dissertation (M.B.A.) -- National University of Singapore, 1995. | ||
| 504 | |a Bibliography: leaves 86-94. | ||
| 650 | 0 | |a Job satisfaction |z Singapore. | |
| 650 | 0 | |a Work ethic |z Singapore. | |
| 650 | 0 | |a Teenagers |z Singapore |x Attitudes. | |
| 650 | 0 | |a Part-time employment |z Singapore. | |
| 650 | 0 | |a Food industry and trade |z Singapore. | |
| 948 | |a 09/01/1995 |b 27/11/2000 | ||
| 596 | |a 1 | ||
| 999 | |a F HF5549.5 J63LOW |w LC |c 1 |i A504830508 |d 14/10/2012 |e 14/10/2012 |l STACKS |m P01UTAMA |n 37 |r Y |s Y |t TESIS |u 19/9/1995 | ||
